00576 2200193 4500001002100000005001500021035002000036245013100056100002100187250001000208300002600218260004600244082001000290084001600300020002200316650002200338990001100360990001100371INLIS00000000000191220250930021417 a0010-09250000271 aDigital Marketing di Era 6.0 :bStrategi dan Implementasi Praktis Kegiatan Marketing untuk Bisnis dan UMKM /cRiadhus Sholihin0 aRiadhus Sholihin aCet.1 axii, 324 hlm :bIlust aYogyakarta :bAnak Hebat Indonesia,c2024 a658.8 a658.8 RIA d a978-623-515-112-0 4aDigital Marketing a003961 a003962